=LDR 00000nam 2200000 4500 =001 INLIS000000000046855 =005 20150521100824.0 =006 =007 =008 =035 ##$$0010-051500000000114 =082 ##$$a 028.5 =090 ##$$a 028.5 rab t.4 =100 ##$$a pam robson =245 ##$$a listrik =260 ##$$a taman gahara =300 ##$$a hln. 32 =850 ##$$a NPBMAT =990 ##$$a 0001/BPAP-NTB/20142015 =990 ##$$a 59525952 =990 ##$$a 0001/BPAP-NTB/20142015 =990 ##$$a 01201805952